000 00401nam a2200169Ia 4500
008 230524s9999 xx 000 0 und d
020 _a8123901488
082 _a624-177 1
_bKRI
100 _aD.Krishnamurthy
245 0 _aStructural Design & Drawing
250 _a1
260 _aNew Delhi
_bCBS
_c2014
300 _a"IV,183p;"
500 _aQuantity Number: 2
650 _aCivil
942 _cBK
999 _c55346
_d55346